| 000 | 00391nam a2200145Ia 4500 | ||
|---|---|---|---|
| 008 | 180922s9999 xx 000 0 und d | ||
| 020 | _a764552317 | ||
| 100 | _aTyson,Eric. | ||
| 245 |
_cEric Tyson.-- _aPersonal finance for dummies / |
||
| 250 | _a3rd ed | ||
| 260 |
_aNew York : _bHungry Minds _c2000 |
||
| 300 | _axx, 470 pages. | ||
| 650 | _aFinance, Personal. | ||
| 650 | _aInvestments. | ||
| 999 |
_c358821 _d358821 |
||